| 000 | 01601nam a22003377a 4500 | ||
|---|---|---|---|
| 001 | 0060123 | ||
| 003 | KOHA_MİRAKIL | ||
| 005 | 20260207004251.0 | ||
| 007 | ta | ||
| 008 | 170411b2016 tu a|||gr||||#||||0|tur | | ||
| 020 | _a9786059945127 | ||
| 040 |
_aTR-BiSEU _btur _cTR-BiSEU _erda |
||
| 041 | 0 | _atur | |
| 044 | _ctu | ||
| 050 |
_aLB2325 _b.D86 2017 |
||
| 245 | 1 |
_aDünyada ve Türkiye'de üniversite/ _cEditörler Necmettin Tozlu, Vefa Taşdelen, Mehmet Önal. |
|
| 264 | 1 |
_aBayburt : _bBayburt Üniversitesi _c2016 |
|
| 300 |
_a592 sayfa : _bşekil; 21 cm. |
||
| 336 |
_ametin _btxt _2rdacontent |
||
| 337 |
_aaracısız _bn _2rdamedia |
||
| 338 |
_acilt _bnc _2rdacarrier |
||
| 490 | 1 |
_aBayburt Üniversitesi Yayınları Yayın No ; _v 18. |
|
| 500 | _aBibliyografik bilgi içerir. | ||
| 500 | _aProf. Dr. Seyfi Kenan Üniversites'nin kısa hikayesi - Prof. Dr. Hasan Çiçek Üniversite: hikakat arayışının mekanı - Yrd. Doç. Dr. Mahmut Dündar İslam medeniyetinde bir üniversite teşekkülü olarak Nizamiye Medreseleri - Prof. Dr. İlyas Öztürk, Arş. Gör. Sibel Okuyan İslam kültürünün batıya taşınması ve batı üniversitelerinin yapılanmasına katkısı - Doç. Dr. Mustafa Gündüz Enderun Mektebi, Osmanlı'da "üstün yeteneklilerin eğiitmi" ve modern yükseköğretime miras... | ||
| 650 | 0 |
_aEducation, Higher. _946536 |
|
| 650 | 0 |
_aEğitim, Yüksek. _946538 |
|
| 650 | 0 |
_aEducation, Higher--Turkey. _918682 |
|
| 650 | 0 |
_aEğitim, Yüksek--Türkiye. _933190 |
|
| 830 | 1 |
_aBayburt Üniversitesi Yayınları Yayın No ; _v 18. _9111187 |
|
| 942 |
_2lcc _cBK |
||
| 999 |
_c59927 _d59927 |
||